| 000 | 02709nam a2200337 a 4500 | ||
|---|---|---|---|
| 001 | BRCA_3243 | ||
| 005 | 20190320204201.0 | ||
| 008 | 110309s1818----enka---###---#000-0#eng-# | ||
| 041 | _aeng | ||
| 044 | _aenk | ||
| 084 |
_a544 _b.C34 _c1818 |
||
| 100 | 1 |
_aCervantes Saavedra, Miguel de _d1547-1616 _9213 |
|
| 245 | 1 | 0 |
_aDon Quixote de la Mancha _cTranslated from the Spanish of Miguel de Cervantes Saavedra by Mary Smirke. |
| 260 |
_aLondres _bT. Cadell and W. Davies _c1818 |
||
| 300 |
_a4 v. _bil. _c23 cm. |
||
| 500 | _aContenido : v.1. Primera parte. Prefacio de la traductora. Noticia biográfica sobre Cervantes. Prólogo del autor. Notas. -- v.2. Texto. -- v.3. Segunda parte. Dedicatoria y prólogo del autor. Notas. -- v.4. Texto | ||
| 500 | _aEdición : Embellished with Engravings from Pictures Painted by Robert Smirke | ||
| 500 | _aTraducción de Mary Smirke, basada en las versiones inglesas de Shelton, Motteux, Jarvis y Smollett. En su prefacio, dice la traductora: Cervantes no dirigio sus ataques contra todas las novelas caballerescas, si no unicamente contra las que no revelaban sentido común ni ingeniosidad... pues admitia lo maravilloso, pero no lo monstruoso, y añade: El extraordinario éxito... de su satira contribuyó mucho al progreso general de la mejora intelectual... en Europa, y a la introducción de lo que entonces era... una novedad en el mundo literario: el deleitoso sabor de lo natural y de lo verdadero. Los acertados juicios de Mary Smirke, el cuidado con que supo escoger los modelos para su trabajo, y el esmero que puso en la corrección del texto, acreditan esta edición como una de las mejores de su época. Va unido al merito literario de esta bellisima edición el buen gusto tipográfico, pues además de estar impresa con hermosos tipos, en papel superior, va ilustrada con excelentes láminas gravadas con primor en acero sobre los dibujos de R. Smirke, F. Englejhart, T. Stothard y otros, con los defectos usuales en los ilustradores extranjeros. Hermoso ejemplar, encuadernado en piel; los planos orlados y lomos con florones y filetes, asi como cortes dorados Lúdovik Osterc | ||
| 500 | _aCon ex-libris de : John Thomas White | ||
| 500 | _aQM440 | ||
| 546 | _aTexto en : inglés | ||
| 650 | 1 | 4 |
_aNovela española _yÉpoca clásica, 1500-1700 _9215 |
| 650 | 1 | 4 |
_aLiteratura española _yÉpoca clásica, 1500-1700 _9216 |
| 650 | 1 | 4 |
_aNovela española _ySiglo XVII _9217 |
| 650 | 1 | 4 |
_aDon Quijote (Personaje ficticio) _eNovela _9218 |
| 700 | 1 |
_aSmirke, Mary _d1789-1853 _eTraductora _98643 |
|
| 700 | 1 |
_aSmirke, Robert _d1781-1876 _eGrabador _98644 |
|
| 740 | 0 | _aEl Ingenioso Hidalgo Don Quijote de la Mancha | |
| 902 | _aQFM | ||
| 942 |
_2lcc _cB |
||
| 999 |
_c2979 _d2979 |
||